Kraje dawnej Jugosławii - Statystyki

Ogólne statystyki
  • Ten quiz został rozwiązany 70 razy
  • Średni wynik to 6 z 7
Statystyki odpowiedzi
Kraje % Poprawnych
Chorwacja
96%
Serbia
96%
Bośnia i Hercegowina
95%
Czarnogóra
93%
Kosowo
93%
Słowenia
89%
Macedonia Północna
80%
Nie znaleziono quizów pasujących do podanych kryteriów
Rozkład punktacji
Procent ludzi z każdym wynikiem
Percentyl według liczby udzielonych odpowiedzi
Twoja historia wyników
Nie rozwiązałeś tego quizu